| 000 | 00585cam a2200157 a 4500 | ||
|---|---|---|---|
| 020 | _a0309036666 (pbk.) : | ||
| 082 | 0 | 0 |
_a625.73 _bNAT |
| 245 | 0 | 0 |
_aSubgrade moisture : _bsoil properties, foundations, tunnel reinforcement. |
| 260 |
_aWashington, D.C. : _bTransportation Research Board, National Research Council, National Academy of Sciences, _c1983. |
||
| 300 |
_aiv, 58 p. : _bill. ; _c28 cm. |
||
| 526 |
_a0 _b0 _c0 _d625_730000000000000_NAT |
||
| 650 | 0 |
_aMCE _9379 |
|
| 650 | 0 |
_aPavements _xSubgrades. _943701 |
|
| 710 | 2 |
_aNational Research Council (U.S.). _920017 |
|
| 942 |
_2ddc _cBK |
||
| 999 |
_c547516 _d547516 |
||